| 000 | 00702nam a2200229 a 4500 | ||
|---|---|---|---|
| 999 |
_c10976 _d10976 |
||
| 001 | 10976 | ||
| 003 | BD-JhCC | ||
| 005 | 20190711081502.0 | ||
| 008 | 190611s2014 bg |||| |||| 000 0 ben d | ||
| 020 | _a97898477661527 | ||
| 035 | _a(BD-JhCC)10976 | ||
| 040 |
_aBD-JhCC _dBD-JhCC |
||
| 041 | _aben | ||
| 082 |
_a158.1 _bSHA 2014 |
||
| 100 | _aশাহরিয়ার, আরাফাত | ||
| 245 |
_aওপরে ওঠার সিঁড়ি / _cআরাফাত শাহরিয়ার |
||
| 260 |
_aঢাকা : _bঐতিহ্য, _c২০১৪ |
||
| 300 |
_a৭৮ পৃ. : _c১৯ সেমি. |
||
| 650 | _aSuccess | ||
| 650 | _aসাফল্য | ||
| 942 |
_2ddc _cBK |
||